000 00233nam a2200085Ia 4500
008 170620s9999 xx 000 0 und d
100 _aBansal- S. K.
245 0 _aInformation System Management
260 _bNew Delhi- A.P.H. Publishing corporation
260 _c2003
999 _c23924
_d23924